000 00967nam a22003017a 4500
001 BR9405088
003 BR-BrBNA
005 20230928094108.0
007 ta
008 230509b bl.||||| |||| 00| 0 por d
040 _aBR-BrBNA
_bpor
_cBiblioteca Nacional de Agricultura
041 _a(Por)
072 _aF30
090 _ F30 BR9405088
100 1 _aVallim, M.A.
110 1 _aEscola Superior de Agricultura Luiz de Queiroz, Piracicaba, SP (Brasil)
_0Tese (Mestre em Agronomia)
245 1 _aIsolamento de uma sequencia genomica de Phanerochaete chrysosporim homologa ao gene de B-glucosidase de Trichoderma reesei
260 3 _aPiracicaba, SP (Brasil):
_c1993.
300 _a110 p.
500 _a11 illus.; Bibliography p. 95-110 (83 ref.); Summaries (Eng, Por)
650 _aCelulose
650 _aMicrorganismo
650 _aFungo
650 _aEnzima
650 _aBiologia Molecular
909 _a202309
_bLucia
_c55
_dLucia Elande
942 _cBK
999 _c48833
_d48833